000 05388namaa22004211i 4500
003 OSt
005 20260418133226.0
008 250827s2025 ua a|||frm||| 000 0 eng d
040 _aEG-GICUC
_bara
_cEG-GICUC
_dEG-GICUC
_erda
041 0 _aara
_bara
_beng
049 _aإيداع
082 0 4 _a306.872
092 _a306.872
_221
097 _aمــــاجستير
099 _aCai01.02.11.M.A.2025.تس.د
100 0 _a،تسنيم عبد الفتاح سليمان محمد والي
_eإعداد.
245 1 0 _aدور التعقل في تعديل العلاقة بين التعلق والرضا الزواجي /
_cإعداد تسنيم عبد الفتاح سليمان محمد والي؛ إشراف أ.د معتز سيد عبد الله، أ.د صفاء إسماعيل مرسي.
246 1 5 _aThe moderating role of mindfulness in the relationship between attachment and marital satisfaction /
264 0 _c2025.
300 _a207 صفحة :
_bإيضاحيات ؛
_c25 سم. +
_eCD.
336 _atext
_2rda content
337 _aUnmediated
_2rdamedia
338 _avolume
_2rdacarrier
502 _aأطروحة (ماجستير)-جامعة القاهرة، 2025.
504 _aببليوجرافيا: صفحات 143-169.
520 _aيُشير التراث إلى أن لأسلوبي التعلق غير الآمن دورًا مهمًا في تحديد جودة العلاقة معرفيًا وانفعاليًا وسلوكيًا، وتحقيق الرضا الزواجي؛ وأن التعقل يرتبط بالرضا الزواجي. وقد هدفت هذه الدراسة إلى معرفة ما إذا كانت درجة تعقل الفرد تُعَدِّل من العلاقة الارتباطية السالبة بين أسلوبيّ التعلق غير الآمن (القَلِق والتجنبي) والرضا الزواجي للفرد نفسه. وتم التحقق من هذا من خلال تطبيق مقياس التعقل الشامل (CHIME) ومقياس الخبرات في العلاقات الوثيقة المُعَدَّل (ECR-R) ومقياس الرضا الزواجي على ثلاث عينات؛ اثنتين استطلاعيتين (ن1 = 33) و(ن2 = 47) وعينة أساسية (ن3 = 201)، من المتزوجين والمنجبين. وأسفرت النتائج عن وجود ارتباط دال إحصائيًا بين متغيرات الدراسة في العينتين الثانية والثالثة، ما عدا الارتباط بين التعقل والتعلق القَلِق في العينة الثالثة لم يكن دالً إحصائيًا؛ واتضح أن ثلاثة مكونات للتعقل (الوعي بالتصرف، وتقبل الخبرة دون إصدار أحكام، والوعي بالخبرة دون تمركز أو تسرع) ترتبط بالرضا الزواجي دون غيرها من المكونات الأخرى؛ وظهر التأثير المُعدِّل للتعقل في العلاقة بين التعلق التجنبي والرضا الزواجي في العينة الثانية فقط. وتمت مناقشة النتائج في ضوء الدراسات السابقة، والإشارة إلى بعض الفروق الجندرية، والتوصيات للبحوث المستقبلية.
520 _aThis study aimed to determine whether an individual's level of Mindfulness moderates the negative correlation between insecure Attachment styles (anxious and avoidant) and the individual's Marital satisfaction. This was examined by applying the Comprehensive Mindfulness Scale (CHIME), the Experiences in Close Relationships Scale (ECR-R), and the Marital Satisfaction Scale on three samples: (N1= 33), and (N2= 47), and (N3 = 201) of married individuals with children. The results revealed a statistically significant correlation between the study variables in the second and third samples, except for the correlation between mindfulness and anxious attachment in the third sample, which was not statistically significant. It was found that three components of mindfulness (Acting with awareness, Acceptance without judgment, and Nonreactive decentering) are associated with marital satisfaction more than other components. The moderating effect of mindfulness on the relationship between avoidant attachment and marital satisfaction was observed only in the second sample. The results were discussed in terms of previous studies, noting some gender differences, and recommendations for future research.
530 _aصدر أيضًا كقرص مدمج.
546 _aالنص بالعربية والملخص باللغة الإنجليزية والعربية.
650 7 _aالأزواج و الزوجات
_2qrmak
653 0 _aنظرية التعلق
_aأساليب التعلق غير الآمن
_aأسلوب التعلق القلق
700 0 _aمعتز سيد عبد الله
_eمشرف أطروحة.
700 0 _aصفاء إسماعيل مرسي
_eمشرف أطروحة.
900 _b15-04-2025
_cمعتز سيد عبد الله
_cصفاء إسماعيل مرسي
_dالطاهرة محمود المغربي
_dأحمد عبد الفتاح أحمد
_Uجامعة القاهرة
_Fكلية الآداب
_Dقسم علم النفس الاجتماعي والشخصية
905 _aSara
_eAfaf
942 _2ddc
_cTH
_e21
_n0
999 _c179474